000 00708nam a2200253Ia 4500
003 OSt
005 20221005032000.0
006 a|||||r|||| 00| 0
007 ta
008 221004b |||||||| |||| 00| 0 tam d
020 _c6.50
024 _a64802
037 _cTextual
040 _aCRL
_cCRL
_btam
041 _2tam
_atam
082 _aNNM211kx, 31L2
100 _aKasinathan Nadana. Au.
_9584608
245 0 _aKaniyakumari Kalvettukal
_b Irandaam Thoguthi
260 _aChennai
_bTamilnadu Arasu Tholporul Aaivuthurai India
_c1972
300 _a253p.
_ccm.
650 _aARTS
942 _hNNM211kx, 31L2
_cTEXL
_2cc
999 _c938841
_d938841